000 01076nam a22002777a 4500
005 20220628104637.0
008 220523b ||||| |||| 00| 0 eng d
020 _a978-0-07-110706-8
040 _bEnglish
_cURS
_erda
050 _aQR41.2
_b.M583 2007
245 _aMicrobiology :
_ba human perspective /
_cEugene W. Nester...[and three others].
250 _aFifth edition
264 _aBoston :
_bMcGraw-Hill,
_c©2007
300 _a580 pages :
_billustrations (some colour) ;
_c28 cm.
336 _2rdacontent
_atext
_btxt
337 _2rdamedia
_aunmediated
_bn
338 _2rdacarrier
_avolume
_bnc
504 _aIncludes bibliographical references and indexes.
505 _aLife and death of microorganism -- The Microbial world -- Microorganisms and humans -- Infectious diseases -- Applied microbiology.
650 0 _91238
_aMicrobiology.
700 _91424
_aNester, Eugene W.,
_eauthor.
700 _91425
_aAnderson, Denise G.,
_eauthor.
700 _91426
_aRoberts Jr., C. Evans.,
_eauthor.
700 _91427
_aNester, Martha T.,
_eauthor.
942 _2lcc
_cBK
999 _c58125
_d58125